34広島県の市区町村(選択形式) - Statistics

General Stats
  • This quiz has been taken 30 times
  • The average score is 21 of 30
Answers on the Map
Answers color-coded by a green-red scale on the quiz's map according to % correct below.
 
Answer Stats
Answer % Correct
12:尾道市
84%
28:大崎上島町
84%
09:呉市
80%
11:三原市
80%
13:福山市
80%
18:東広島市
80%
19:廿日市市
80%
21:江田島市
80%
15:三次市
76%
16:庄原市
76%
24:熊野町
76%
30:神石高原町
76%
06:広島市安佐北区
72%
23:海田町
72%
25:坂町
72%
27:北広島町
72%
04:広島市西区
68%
05:広島市安佐南区
68%
10:竹原市
68%
17:大竹市
68%
29:世羅町
68%
20:安芸高田市
64%
07:広島市安芸区
60%
08:広島市佐伯区
60%
14:府中市
60%
26:安芸太田町
60%
01:広島市中区
56%
03:広島市南区
56%
22:府中町
56%
02:広島市東区
52%
No matching quizzes found
Score Distribution
Percent of People with Each Score
Percentile by Number Answered
Your Score History
You have not taken this quiz